| 000 | 00609cab a2200217 4500 | ||
|---|---|---|---|
| 001 | X940 | ||
| 008 | 090401t1993 xxu||||| |||| 00| 0 eng d | ||
| 035 | _a(Sirsi) u68356 | ||
| 041 | _aeng | ||
| 245 | _aConsultation paper-commercial property leases | ||
| 260 | _c1993 | ||
| 350 | _a0 | ||
| 490 |
_aCS Monthly : General Practice _v2(10) July/August 1993, 2(1) |
||
| 650 | _aCONFIDENTIALITY CLAUSES | ||
| 650 | _aDEPARTMENT OF THE ENVIRONMENT | ||
| 650 |
_aDISPUTE RESOLUTION _96236 |
||
| 650 | _aUPWARDS-ONLY | ||
| 690 | _aLANDLORD AND TENANT-BUSINESS TENANCIES | ||
| 942 | _n0 | ||
| 948 | _c04/03/1997 | ||
| 999 |
_c42892 _d42892 |
||